000
00398nam a22001577a 4500
003
MPLRDC
005
20220104144420.0
008
210129b ||||| |||| 00| 0 eng d
082
_a
738.6 CCH-3
100
_a
陈昌豪主编
245
_a
马来亚历史参考书
_c
260
_a
_b
吉隆坡文化出版社
_c
300
_b
平
650
_a
东南亚--马来西亚
942
_c
BK
_o
738.6 CCH-3
999
_c
49386
_d
49376